Процессы конденсации водяного пара на ядрах гигроскопических растворов в неионизированной атмосфере; Научные труды; Сб. 9

Bibliografiske detaljer
Parent link:Научные труды: [сборник]/ Московский технологический институт легкой промышленности (МТИЛП).— , 1954-
Сб. 9.— 1957.— С. 369-385
Hovedforfatter: Ловлев С. П.
Sprog:russisk
Udgivet: 1957
Format: Book Chapter
KOHA link:https://koha.lib.tpu.ru/cgi-bin/koha/opac-detail.pl?biblionumber=198123

MARC

LEADER 00000naa2a2200000 4500
001 198123
005 20231031183756.0
035 |a (RuTPU)RU\TPU\book\216106 
035 |a RU\TPU\book\216104 
090 |a 198123 
100 |a 20110623d1957 k y0rusy50 ca 
101 0 |a rus 
102 |a RU 
200 1 |a Процессы конденсации водяного пара на ядрах гигроскопических растворов в неионизированной атмосфере  |f С. П. Ловлев 
461 0 |0 (RuTPU)RU\TPU\book\215279  |t Научные труды  |o [сборник]  |f Московский технологический институт легкой промышленности (МТИЛП)  |d 1954- 
463 0 |0 (RuTPU)RU\TPU\book\216012  |t Сб. 9  |f под ред. В. Н. Цветкова  |v С. 369-385  |d 1957  |p 389 с. 
700 1 |a Ловлев  |b С. П. 
801 1 |a RU  |b 63413507  |c 20110623 
801 2 |a RU  |b 63413507  |c 20110623  |g RCR 
942 |c BK